| 000 | 00699nam a2200181Ia 4500 | ||
|---|---|---|---|
| 003 | LK-CoDNM | ||
| 008 | 010623t2003 xxu||||| |||| 00| 1 sin d | ||
| 040 |
_aLK-CoDNM _dLK-CoDNM _eLK-CoDNM |
||
| 041 | _asin | ||
| 080 | _a677.027.625.13 EDI | ||
| 100 | _aEdirisinghe,Premila. | ||
| 245 | _aරෙදි පින්තාරු මෝස්තර ( කුෂන් කවර, කොට්ට උර, ඇද ඇතිරිලි,මේස රෙදි,සහ ළමා ඇදුම් සඳහා මෝස්තර) | ||
| 246 | _aFabric Painting Pattern Book | ||
| 260 |
_bAuthor _aPannipitiya _c2003 |
||
| 300 | _b76p,ill., 28 100: 955-98142-0-6 cm | ||
| 650 | _aHandicraft | ||
| 942 | _cBK | ||
| 999 |
_c123138 _d123138 |
||